00698nam a2200217Ia 4500003000900000008004100009020001800050040001600068080001500084100002500099245006500124260003800189300001300227650002800240650002100268650003100289650001900320942000700339999001500346952011900361IN-BaIIA211028s9999 xx 000 0 eng d a0-471-80000-7 cIIA Library a539.1bSMI aSmith, Kenneth97367 4aThe Calculation of atomic collision processescKenneth Smith aNew YorkbJohn Wiley & Sonsc1971 ax, 218p. aAtomic collisions91546 aCollisions94150 aMolecular collisions94048 aNASA Thesaurus cBK c4189d4189 00104070aBANbBANcGENd1973-04-21g106.02l0o539.1/ SMIp4678r2021-11-05v106.02w1973-04-21yBKGRs. 106.02